000
00230nam a2200085Ia 4500
008
120527s9999 xx 000 0 und d
100
_a
BARTON, David
245
_a
The strand an ox drawn cultivator for small farm systems
942
_c
BK
999
_c
25195
_d
25195